Textbook of environmental microbiology (Record no. 153340)

MARC details
000 -LEADER
fixed length control field 00552nam a2200205Ia 4500
008 - FIXED-LENGTH DATA ELEMENTS--GENERAL INFORMATION
fixed length control field 210210b2013 xxu||||| |||| 00| 0 eng d
020 ## - INTERNATIONAL STANDARD BOOK NUMBER
International Standard Book Number 9788190656672
041 ## - LANGUAGE CODE
Language code of text/sound track or separate title eng
082 ## - DEWEY DECIMAL CLASSIFICATION NUMBER
Classification number 576.15 MOHT
100 ## - MAIN ENTRY--PERSONAL NAME
Personal name MOHAPATRA (Pradipta K)
245 ## - TITLE STATEMENT
Title Textbook of environmental microbiology
260 ## - PUBLICATION, DISTRIBUTION, ETC.
Place of publication, distribution, etc. New Delhi
Name of publisher, distributor, etc. I K International Publishing House Pvt. Ltd.
Date of publication, distribution, etc. 2013
300 ## - PHYSICAL DESCRIPTION
Extent xii,533
650 ## - SUBJECT ADDED ENTRY--TOPICAL TERM
Topical term or geographic name entry element Textbook
650 ## - SUBJECT ADDED ENTRY--TOPICAL TERM
Topical term or geographic name entry element of
650 ## - SUBJECT ADDED ENTRY--TOPICAL TERM
Topical term or geographic name entry element microbiology
650 ## - SUBJECT ADDED ENTRY--TOPICAL TERM
Topical term or geographic name entry element environmental
690 ## - LOCAL SUBJECT ADDED ENTRY--TOPICAL TERM (OCLC, RLIN)
Topical term or geographic name as entry element Environmental Microbiology
906 ## - LOCAL DATA ELEMENT F, LDF (RLIN)
a 069233
Holdings
Withdrawn status Lost status Source of classification or shelving scheme Damaged status Not for loan Collection code Home library Current library Date acquired Source of acquisition Cost, normal purchase price Total Checkouts Full call number Barcode Date last seen Price effective from Koha item type
    Dewey Decimal Classification     Microbiology St Aloysius Library St Aloysius Library 02/17/2021 Biblios Book Point, Surathkal-575014 315.00   576.15 MOHT 069237 02/17/2021 02/17/2021 Book
    Dewey Decimal Classification     Microbiology St Aloysius Library St Aloysius Library 02/17/2021 Biblios Book Point, Surathkal-575014 315.00   576.15 MOHT 069236 02/17/2021 02/17/2021 Book
    Dewey Decimal Classification   Reference Book Microbiology St Aloysius Library St Aloysius Library 02/17/2021 Biblios Book Point, Surathkal-575014 315.00   576.15 MOHT 069235 02/17/2021 02/17/2021 Book
    Dewey Decimal Classification     Microbiology St Aloysius Library St Aloysius Library 02/17/2021 Biblios Book Point, Surathkal-575014 315.00   576.15 MOHT 069234 02/17/2021 02/17/2021 Book
    Dewey Decimal Classification     Microbiology St Aloysius Library St Aloysius Library 02/17/2021 Biblios Book Point, Surathkal-575014 315.00   576.15 MOHT 069233 02/17/2021 02/17/2021 Book